Statistiques concernant Culture Générale - Série 1305

Cliquez ici pour prendre le quiz!

Statistiques générales

  • Ce quiz a été pris 71 fois
  • Le résultat moyen est 6 sur 10

Statistiques - réponses

QuestionRéponse% Correct
Marion Cotillard a remporté un Oscar en incarnant une célèbre chanteuse française. Laquelle ?Édith Piaf
98%
Selon la chanson de Jacques Dutronc, quelle ville s'éveille à 5 heures ?Paris
97%
Quelle ville du sud de la France est surplombée par la basilique Notre-Dame-de-la-Garde ?Marseille
95%
Selon Joe Dassin et sa « Complainte de l'heure de pointe », comment dépasse-t-on les autos et les taxis à Paris ?à vélo
58%
Qui interprète Danton dans le film du même nom réalisé par Andrzej Wajda ?Gérard Depardieu
52%
Quel humoriste ponctue la plupart de ses phrases d'un « pour toi, public » ?Franck Dubosc
48%
Quel est le nom de la chouette de Harry Potter dans la série de films du même nom ?Hedwige
47%
Qui incarnait l'inspecteur Justin N'Guma dans Julie Lescaut ?Mouss Diouf
42%
Qu'est-ce qui est à la fois une variété de pommes et un membre du gang de filles de Rizzo dans le film Grease ?pink Lady
29%
Qui incarne le guide dans le film Les Randonneurs ?Benoît Poelvoorde
24%

Distribution des résultats

Percentile par nombre de réponses

% des personnes avec chaque résultat

Votre développement - résultats

Vous n’avez pas pris ce quiz